Conversation /

Đã lưu trong:
書目詳細資料
主要作者: Nolasco, Rob.
其他作者: Arthur, Lois.
格式: Sách giấy
語言:English
出版: New York : Oxford University Press, 1987.
主題:
標簽: 添加標簽
沒有標簽, 成為第一個標記此記錄!
Thư viện lưu trữ: Thư viện Trường Đại học Đà Lạt
LEADER 00721nam a2200313 4500
001 DLU110120582
005 ##20110505
040 # # |a DLU  |b vie 
041 # # |a eng 
044 # # |a vn 
082 # # |a 428  |b NO-R 
100 # # |a Nolasco, Rob. 
245 # # |a Conversation /  |c Rob Nolasco, Lois Arthur. 
260 # # |a New York :  |b Oxford University Press,  |c 1987. 
300 # # |a 150 tr. ;  |c 25 cm. 
653 # # |a English language 
653 # # |a Practical guidebook 
700 # # |a Arthur, Lois. 
923 # # |a 01/2011NN 
991 # # |a GT 
992 # # |a 0 
994 # # |a KNN 
900 # # |a True 
911 # # |a Đào Thị Thu Huyền 
925 # # |a G 
926 # # |a A 
927 # # |a SH 
980 # # |a Thư viện Trường Đại học Đà Lạt